000 00331 a2200157 4500
001 152082
040 _cEscola São Tomás de Aquino
100 _aPENA, Martins
240 1 0 _aO noviço .
_lpor
245 1 0 _aO noviço .
300 _a128
362 0 _a2002
440 1 _aÁtica
697 _a*LITERATURA JUVENIL
942 _cBK
999 _c152082
_d152082